[Event "SLO-ch U12"]
[Site "Rogaska Slatina"]
[Date "2009.02.22"]
[Round "1"]
[White "Vratar, Leon"]
[Black "Djuricic, Domen"]
[Result "0-1"]
[WhiteElo "1500"]
[BlackElo "1543"]
[PlyCount "72"]
[EventDate "2009.02.22"]
[EventType "swiss"]
[EventRounds "9"]
[EventCountry "SLO"]
[SourceTitle "CBM 129 Extra"]
[Source "ChessBase"]
[SourceDate "2009.05.05"]
[SourceVersion "2"]
[SourceVersionDate "2009.05.20"]
[SourceQuality "1"]

1. d4 d5 2. Nf3 Nf6 3. Nc3 Bf5 4. e3 Nc6 5. g3 e6 6. Bg2 Nb4 7. Rb1 Bxc2 8. Qd2 Nd3+ 9. Kf1 Bxb1 10. Nxb1 Nxc1 11. Qxc1 Bd6 12. Ng5 h6 13. Nf3 Qd7 14. Ne5 Qb5+ 15. Ke1 Bb4+ 16. Nd2 Qa5 17. Nef3 Ne4 18. a3 Bxd2+ 19. Nxd2 Qxd2+ 20. Qxd2 Nxd2 21. Kxd2 Rc8 22. e4 dxe4 23. Bxe4 b6 24. Bb7 Rb8 25. Bc6+ Ke7 26. f4 Rhd8 27. Kd3 Rd6 28. Rc1 Rbd8 29. Rc4 Kf6 30. Ke4 g5 31. fxg5+ hxg5 32. b4 Kg6 33. Bb7 f6 34. Rxc7 Rxd4+ 35. Ke3 Rd3+ 36. Ke4 R8d4# 0-1